| 000 | 00727nam a2200181Ia 4500 | ||
|---|---|---|---|
| 008 | 090630s9999 xx 000 0 und d | ||
| 082 | _b19044 | ||
| 100 | _aओशो अमृतगाथा 7. | ||
| 245 |
_aतुमच्या सोन्याच्या बेडया. _cओशो अमृतगाथा 7. |
||
| 260 |
_bस्वामी - पुणे. _c1942 |
||
| 300 | _a50 | ||
| 600 | _aओशो अमृतगाथा 7. | ||
| 630 | _aतुमच्या सोन्याच्या बेडया. | ||
| 655 | _aधार्मिक. | ||
| 700 | _aओशो अमृतगाथा 7. | ||
| 730 | _aतुमच्या सोन्याच्या बेडया. | ||
| 942 | _cBOOK | ||
| 999 |
_c270900 _d270900 |
||